Hayden Christensen Filmography - Statistics

General Stats
  • This quiz has been taken 109 times
    70 since last reset
  • The average score is 16 of 43
Answer Stats
Type Year Name % Correct
Film 2002 Star Wars: Episode II - Attack of the Clones
96%
Film 2005 Star Wars: Episode III - Revenge of the Sith
96%
Web Mini-Series 2022 Obi-Wan Kenobi
84%
Film 2008 Jumper
73%
Web Series 2023-Present Ahsoka
71%
Film 2007 Awake
62%
Film 2001 Life as a House
62%
Film 2018 Little Italy
60%
Film 2010 Takers
60%
TV Show 2000 Higher Ground
56%
Film 2003 Shattered Glass
53%
Film 2007 Virgin Territory
49%
Film 2019 Star Wars: The Rise of Skywalker
47%
Film 2017 First Kill
44%
TV Show 1997 Goosebumps
44%
Film 1999 The Virgin Suicides
44%
Film 2014 American Heist
42%
Film 2004 Star Wars: Episode VI - Return of the Jedi
40%
Film 2015 90 Minutes in Heaven
36%
Film 2006 Factory Girl
36%
Film 2010 Vanishing on 7th Street
36%
Film 1999 Free Fall
31%
Film 2014 Outcast
31%
TV Show 1993 Family Passions
29%
Film 2019 The Last Man
29%
TV Show 1996 Forever Knight
27%
Film 1994 In the Mouth of Madness
27%
Film 2009 New York, I Love You
27%
TV Show 1999 The Famous Jett Jackson
27%
TV Film 2000 Trapped in a Purple Haze
27%
TV Show 1999 Are You Afraid of the Dark?
18%
Film 1995 Street Law
18%
Film 2010 Quantum Quest: A Cassini Space Odyssey
16%
Film 1998 All I Wanna Do
13%
TV Show 1993 E.N.G.
13%
TV Film 1995 Harrison Bergeron
13%
TV Film 1995 Love and Betrayal: The Mia Farrow Story
13%
TV Film 1996 No Greater Love
13%
TV Show 1999 Real Kids, Real Adventures
13%
TV Show 2018 Star Wars Rebels
9%
Commercial 2009 Lacoste Men's Fragrance
4%
Theater 2020 Ride the Cyclone
4%
Theater 2002 This Is Our Youth
2%
No matching quizzes found
Score Distribution
Percent of People with Each Score
Percentile by Number Answered
Your Score History
You have not taken this quiz since the last reset